Fiction as history: (Record no. 145724)

MARC details
000 -LEADER
fixed length control field 00857nam a22002297a 4500
005 - DATE AND TIME OF LATEST TRANSACTION
control field 20180115111352.0
010 ## - LCCN (DPL NO)
LC control number 1718EN-30 ENG-121711
020 ## - INTERNATIONAL STANDARD BOOK NUMBER
International Standard Book Number 9788178244877
Terms of availability 995.00
035 ## - SYSTEM CONTROL NUMBER
System control number EN-105243
035 ## - SYSTEM CONTROL NUMBER
System control number B-682629-633
037 ## - SOURCE OF ACQUISITION
Source of stock number/acquisition Aakar
Stock number dpl
037 ## - SOURCE OF ACQUISITION
Source of stock number/acquisition DBAD/PUB
082 ## - DEWEY DECIMAL CLASSIFICATION NUMBER
Classification number 823.8
100 ## - MAIN ENTRY--PERSONAL NAME
Personal name Dalmia, Vasudha
245 ## - TITLE STATEMENT
Title Fiction as history:
Statement of responsibility, etc by Vasudha Dalmia
Remainder of title the novel and the city in modern north India /
260 ## - PUBLICATION, DISTRIBUTION, ETC. (IMPRINT)
Place of publication, distribution, etc Ranikhet
Name of publisher, distributor, etc Permanent Black
Date of publication, distribution, etc 2015
270 ## - ADDRESS
Address Himalayana, Mall Road, Ranikhet Cantt.
City Ranikhet
Postal code 263645
300 v# - PHYSICAL DESCRIPTION
Extent xvi,428p.
Dimensions 21cm(hb)
500 ## - GENERAL NOTE
General note Includes index
942 ## - ADDED ENTRY ELEMENTS (KOHA)
Source of classification or shelving scheme Dewey Decimal Classification
Item type English Books
Call number suffix DAL
Classification part 823.8
Holdings
Withdrawn status Lost status Not for loan Collection code Home library Current library Date acquired Source of acquisition Cost, normal purchase price Full call number Barcode Copy number Cost, replacement price Koha item type
      Non-fiction Ashok Vihar Ashok Vihar 15/01/2018 Aakar/I-2012/30.11.17/BPPD/EN/2017-18/631/20.11.17/14.12.2017 995.00 823.8 DAL B-682630 1 995.00 English Books
    Not For Loan Non-fiction D.B.Act.Division Bawana 04/12/2017 DBAD/PUB 995.00 823.8 DAL EN-105243 1 995.00 English Books
      Non-fiction Bawana Bawana 15/01/2018 Aakar/I-2012/30.11.17/BPPD/EN/2017-18/631/20.11.17/14.12.2017 995.00 823.8 DAL B-682633 1 995.00 English Books
      Non-fiction Central Library Central Library 15/01/2018 Aakar/I-2012/30.11.17/BPPD/EN/2017-18/631/20.11.17/14.12.2017 995.00 823.8 DAL B-682629 1 995.00 English Books
      Non-fiction Janak Puri Janak Puri 15/01/2018 Aakar/I-2012/30.11.17/BPPD/EN/2017-18/631/20.11.17/14.12.2017 995.00 823.8 DAL B-682632 1 995.00 English Books
      Non-fiction Patel Nagar Patel Nagar 15/01/2018 Aakar/I-2012/30.11.17/BPPD/EN/2017-18/631/20.11.17/14.12.2017 995.00 823.8 DAL B-682631 1 995.00 English Books

© Delhi Public Library
Hit Counter
free hit counter